000 00642nam a22002057i 4500
003 URS
005 20220117120408.0
008 180518b xxu||||| |||| 00| 0 eng d
040 _erda
_cURS
_beng
050 _aHF5549.5
_b.G683 2002
100 _aGorospe-Ponce, Estela
245 _aCombating drug abuse: from knowledge to action /
_cEstela Gorospe - Ponce. --
264 1 _aManila :
_bMary Jo Publishing House,
_c2002.
300 _a155 pages :
_billustrations ;
_c23 cm
336 _atext
_btxt
_2rdacontent
337 _aunmediated
_bn
_2rdamedia
338 _avolume
_bnc
_2rdacarrier
650 _aDrug abuse -- Prevention.
942 _2lcc
_cF
999 _c4555
_d4555